| 000 | 00593nam a22001817a 4500 | ||
|---|---|---|---|
| 005 | 20251108172423.0 | ||
| 008 | 250721s1988 xx 000 0 ara d | ||
| 082 | 1 | 4 | _a631.7/طيف |
| 100 | 1 | _aالطيف، نبيل إبراهيم | |
| 245 | 1 | 0 |
_aالري : _bأساسياته و تطبيقاته / |
| 264 | 1 |
_aبغداد : _bوزارة التعليم العالي و البحث العلمي _ جامعة بغداد، _c1988. |
|
| 300 | _a434ص | ||
| 650 | 1 | 7 | _aالري |
| 650 | 1 | 7 | _aالزراعة |
| 700 | 1 | _aالحديثي، عصام خضير | |
| 942 |
_2ddc _cBK |
||
| 999 |
_c78868 _d78868 |
||